| 000 | 00538nam a2200205Ia 4500 | ||
|---|---|---|---|
| 008 | 170203s9999 xx 000 0 und d | ||
| 020 | _a0 717285596 | ||
| 050 | _a0 30 | ||
| 050 | _bG875 1999 | ||
| 100 | _aAmos,Julie-Ann. | ||
| 245 | _aManaging your Time : | ||
| 245 | _bWhat to do and how to do it in order to do more / | ||
| 250 | _aDeluxe edtion. | ||
| 260 | _aHongkong : | ||
| 260 | _bGrolier International Inc. | ||
| 260 | _c1999 | ||
| 300 | _a128 pages : | ||
| 300 | _c24 cm. | ||
| 440 | _aGrolier Business Library. | ||
| 999 |
_c305871 _d305871 |
||